00653nam a2200205Ia 4500003000900000008004100009020001800050040001600068080002500084245007900109260003500188300001500223650002200238650001900260650001900279700002000298942000700318999001500325952010700340IN-BaIIA211028s9999 xx 000 0 eng d a0-12-014646-0 cIIA Library a047.1:621.38bAEE-46 0aAdvances in Electronics and Electron Physicsbvol. 46cedited by L. Marton aNew YorkbAcademic Pressc1978 axii, 404p. aElectronics91576 aElectrophysics aNASA Thesaurus aMarton, L., ed. cBK c6197d6197 00104070aBANbKAVcGENd1979-04-07l0o047.1:621.38/ AEE-46p6910r2021-11-05w1979-04-07yBKG37.5